Ultimate Disney Audio Quiz (WDW Edition) Stats

 Plays Quiz not verified by Sporcle

Score 0/42 Timer 10:00
0 Plays Today
Time Location % Correct
1:55-2:10It's Tough to Be a Bug!
64.6%
0:35-0:45Innoventions Plaza
54%
0:55-1:05Tree of Life Theme
47.2%
2:20-2:35The Twilight Zone Tower of Terror
45.1%
0:00-0:15Illuminations 25
36.1%
1:05-1:15Space Mountain
35.4%
4:45-4:55Kilimanjaro Safaris
35%
2:35-2:45Expedition Everest
31.6%
0:25-0:35ExtraTERRORestrial Alien Encounter
29.3%
1:35-1:45Lights, Motors, Action!
28.9%
1:15-1:25Stitch's Great Escape!
28.2%
8:10-8:25Spaceship Earth
28%
0:15-0:25Delta Dreamflight
26.4%
6:05-6:20Makin Memories (Magic Journeys Pre-Show)
23.9%
4:35-4:45Star Tours
23.3%
6:45-7:00The Living Seas
21.4%
4:05-4:15Tapestry of Dreams
20.5%
7:30-7:40Cinderellabration
19.2%
3:05-3:15Horizons
19%
4:15-4:25Liberty Square
18.7%
3:15-3:25Dinosaur
18.5%
Time Location % Correct
0:45-0:55Mission: SPACE
17.8%
4:55-5:10Space Mountain
17.6%
1:45-1:55Mickey Mania Parade
17.2%
3:50-4:05MNSSHP Halloween Villain's Mix & Mingle
17.2%
2:55-3:05Illuminations: Reflections of Earth
16.7%
2:45-2:55If You Had Wings
16.3%
7:00-7:15Horizons
16.3%
7:55-8:10World of Motion
14.9%
3:25-3:35The Spirit of Norway
14.4%
5:25-5:40Wonders of Life
14%
5:40-5:55El Rio del Tiempo
14%
5:10-5:25Mickey Mouse Revue
13.8%
1:25-1:35Surprise in the Skies (Epcot Lagoon Show)
13.3%
2:10-2:20Enchanted Adventures Parade
12.9%
3:35-3:50Character Show at Odyssey Restaurant
12.2%
6:20-6:30The Timekeeper
12.2%
7:40-7:55Reflections of China
12.2%
4:25-4:35Cranium Command
11.7%
5:55-6:05Spaceship Earth
11.5%
6:30-6:45Cinderella's Surprise Celebration
11.5%
7:15-7:30Splashtacular
9.9%

You're not logged in!

Compare scores with friends on all Sporcle quizzes.
OR
Log In

Show Comments

Extras

Top Quizzes Today


Score Distribution

Your Account Isn't Verified!

In order to create a playlist on Sporcle, you need to verify the email address you used during registration. Go to your Sporcle Settings to finish the process.

Report this User

Report this user for behavior that violates our Community Guidelines.

Details: